| 000 | 01168cam a22002174a 4500 | ||
|---|---|---|---|
| 005 | 20251230112109.0 | ||
| 008 | 250528s ||||||||||||||||||||||||d | ||
| 035 | _a17084 | ||
| 020 | _a878931759 | ||
| 040 |
_aGR-AtMCL _bgre _dGR-AtMCL _eAACR2 |
||
| 245 | 1 | _aPrinciples of Neuropsychopharmacology | |
| 260 |
_bSinauer Associates, Inc, _c1997 |
||
| 300 | _a1020 | ||
| 520 | _aBasic Concepts, Principles of Pharmacology, Methods of Neuropsychopharmacology, Neurons and Glial Cells, Functional Neuroanatomy, Neurophysiological Mechanisms, Synaptic Structure and Function, Neurotransmitter Systems, Acetylcholine, Catecholamines, Serotonin, The Amino Acid Neurotransmitters and Histamine, Peptide Neurotransmitters, Major Drug Classes, The Opiates, Stimulants: Apmhetamine and Cocaine, Stimulants: Nicotine and Caffeine, Alcohol, Sedative-Hypnotic and Anxiolytic Drugs, Mind-Altering Drugs, Clinical Applications, Schizophrenia, Affective Disorders, Parkinson's Disease and Alzheimer's Disease. | ||
| 700 | 1 |
_aFeldman, Robert S. _93220 |
|
| 700 | 1 |
_aMeyer Jerrold S _93221 |
|
| 700 | 1 |
_aQuenzer Linda F _93222 |
|
| 942 | _cBK | ||
| 999 |
_c2524 _d2524 |
||